00507nam a22001697a 4500003000400000008004100004082001800045100001700063245010400080260006800184300001000252502001700262650001700279650001900296650001100315650001100326OSt260430b |||||||| |||| 00| 0 eng d a634.725bY-1I aYadav, I. P. aInduction of Polyploidy and Parthenocarpy in Capegooseberry (Physalis peruviana L.)cby I. P. Yadav a.- Sabour, Bhagalpurb: Bihar Agricultural College, RAUc, 1991 a150p. bPh. D.d1991 aHorticulture aCapegooseberry aThesis aPh. D.